MARC details
| 000 -CABECERA |
| campo de control de longitud fija |
01286nam a2200253 a 4500 |
| 001 - NÚMERO DE CONTROL |
| campo de control |
000045589 |
| 005 - FECHA Y HORA DE LA ÚLTIMA TRANSACCIÓN |
| campo de control |
20240307073948.0 |
| 008 - DATOS DE LONGITUD FIJA--INFORMACIÓN GENERAL |
| campo de control de longitud fija |
150416s1989 dr a 000 0 spa d |
| 040 ## - FUENTE DE LA CATALOGACIÓN |
| Centro catalogador/agencia de origen |
DO-SdBNP |
| Lengua de catalogación |
spa |
| Centro/agencia transcriptor |
BNPHU |
| 082 ## - NÚMERO DE LA CLASIFICACIÓN DECIMAL DEWEY |
| Número de clasificación |
xxxx |
| Número de documento/Ítem |
xxxx |
| 100 1# - ENTRADA PRINCIPAL--NOMBRE DE PERSONA |
| Nombre de persona |
Mir, Luis E. |
| 9 (RLIN) |
73654 |
| 245 10 - MENCIÓN DE TÍTULO |
| Título |
TV y comunicaciones vía satélite : |
| Resto del título |
consideraciones acerca de la recepción directa de programas de tv vía satélite en la República Dominicana / |
| Mención de responsabilidad, etc. |
Luis E. Mir ; presentación Frankliln Almeyda Rancier. |
| 260 ## - PUBLICACIÓN, DISTRIBUCIÓN, ETC. |
| Lugar de publicación, distribución, etc. |
Santo Domingo : |
| Nombre del editor, distribuidor, etc. |
Universitaria UASD, |
| Fecha de publicación, distribución, etc. |
1989. |
| 300 ## - DESCRIPCIÓN FÍSICA |
| Extensión |
41 p. : |
| Otras características físicas |
il. ; |
| Dimensiones |
21 cm. |
| 490 1# - MENCIÓN DE SERIE |
| Mención de serie |
Publicaciones de la Universidad Autónoma de Santo Domingo |
| Designación de volumen o secuencia |
629 |
| 490 1# - MENCIÓN DE SERIE |
| Mención de serie |
Ciencia y tecnología |
| Designación de volumen o secuencia |
25 |
| 505 0# - NOTA DE CONTENIDO CON FORMATO |
| Nota de contenido con formato |
Introducción -- |
| Título |
Sistema intelsat -- |
| -- |
Sistema intersputnik -- |
| -- |
Sistema de recepción directa desde satélites -- |
| -- |
Cálculo de un enlace para recepción directa de tv en la República Dominicana -- |
| 590 ## - NOTA LOCAL (RLIN) |
| Nota local |
Perteneció a la biblioteca personal de Erick Landestoy. |
| 504 ## - NOTA DE BIBLIOGRAFÍA, ETC. |
| Nota de bibliografía, etc. |
Bibliografía : p. 41 |
| 700 12 - PUNTO DE ACCESO ADICIONAL--NOMBRE DE PERSONA |
| Nombre de persona |
Almeyda Rancier, Franklin, |
| Término indicativo de función/relación |
pres. |
| 9 (RLIN) |
37117 |
| 710 12 - PUNTO DE ACCESO ADICIONAL--NOMBRE DE ENTIDAD CORPORATIVA |
| Nombre de entidad corporativa o nombre de jurisdicción como elemento de entrada |
Universidad Autónoma de Santo Domingo |
| 9 (RLIN) |
72951 |
| 830 #0 - PUNTO DE ACCESO ADICIONAL DE SERIE-TÍTULO UNIFORME |
| Título uniforme |
Publicaciones de la Universidad Autónoma de Santo Domingo ; |
| Número de parte o sección de la obra |
629 |
| 9 (RLIN) |
73656 |
| 830 #0 - PUNTO DE ACCESO ADICIONAL DE SERIE-TÍTULO UNIFORME |
| Título uniforme |
Ciencia y tecnología ; |
| Número de parte o sección de la obra |
25 |
| 9 (RLIN) |
20004 |